000 01027nam a22003137a 4500
003 CHAP
005 20220329140340.0
008 971013s1967 r 00010 d
010 _a50786
011 _a51758
035 _a55908
040 _cCHAP
090 _aTesis
100 0 0 _aRodríguez Jiménez, Concepción.
_998613
245 _aEstudio ecológico de las malas hierbas del Valle de Toluca, México
260 _aMéxico, D. F. :
_bEl autor,
_c1967
300 _aPág. varía
502 _aTesis (Biólogo) -- UNAM. Facultad de Ciencias. Departamento de Biología
590 _aALEPH
_b10
_c20130110
_lUCH01
_h1326
590 _aBATCH-UPD
_b10
_c20130110
_lUCH01
_h0817
590 _aBATCH-UPD
_b10
_c20130410
_lUCH01
_h0454
590 _aBATCH-UPD
_b10
_c20130914
_lUCH01
_h1741
590 _aCONVERSION
_b10
_c20130109
_lUCH01
_h1328
650 1 4 _aMalas hierbas
_xEcología.
_970017
650 1 4 _aMalas hierbas
_xMéxico (Edo.)
_970026
901 _aBK
942 _cTESIS
949 _bBC
_cTES
_d-122396
_eTS1
_i55908
_si
999 _c50786
_d50786